00554nam a2200181Ia 4500008004100000040001800041041000800059100003300067245005400100260006500154300002200219500003800241500002200279650001600301650001400317650002600331650001500357130821s1956 xxu gr eng  aCo-BoUCMbspa00aeng1 aVon Mises, Ludwigd1881-197314aThe anti-capitalistic mentalitycLudwig Von Mises aPrinceton (Nueva Jersey, Estados Unidos)bVan Nostrandc1956 avi, 114 páginas aDonación Dr. Álvaro Daza Roa. aIncluye índice.04aCapitalismo04aComunismo04aSistemas económicos04aSocialismo